| 000 | 008630000a22002290004500 | ||
|---|---|---|---|
| 003 | LK-CoMWRAF | ||
| 005 | 20240315110253.0 | ||
| 008 | 230817t1987 ||||| |||| 00| 0 eng d | ||
| 040 |
_aLK-CoMWRAF _dLK-CoMWRAF _eLK-CoMWRAF |
||
| 041 | _aeng | ||
| 082 |
_a348.5493 _bSRI |
||
| 110 | _aSri Lanka, Democratic Socialist Republic | ||
| 245 | _a1985 supplement (unofficial) to the revised edition of the legislative enactments of Sri Lanka | ||
| 260 |
_aColombo: _c1987 |
||
| 300 | _a69-89 p. | ||
| 490 |
_avol.I _vpart 6 & 7 |
||
| 500 | _aRegistration of documents, cooperative societies,factories, shops & office employees, employment of women, industrial disputes, employees councils, maternity benefits, wages boards | ||
| 650 | _aLAW-Sri Lanka | ||
| 650 | _aCivil law and procedure | ||
| 700 |
_aDeheragoda, E. R. K. D. M. Hector _ecomp. |
||
| 942 | _cBK | ||
| 999 |
_c2768 _d2768 |
||